000 00502nam a2200181Ii 4500
003 JO-AjNU
008 230606s9999||||xx |||||||||||||| ||und||
040 _aJO-AjNU
_beng
_erda
_cJO-AjNU
041 _aeng
050 1 4 _aPR6063.U7 B73 1976
100 3 _a Murdoch, Iris ,
_eauthor
_95428
245 0 0 _a Bruno's dream
264 3 1 _aNew-York : the viking press , 1976
300 _a310p
336 _atext
_btxt
_2rdacontent
337 _aunmediated
_bn
_2rdamedia
338 _avolume
_bnc
_2rdacarrier
999 _aE2803
_c2801
_d2801